000 00496nam a2200193Ia 4500
008 170918s9999 xx 000 0 und d
020 _a9780545485937
050 _bM982 2011
100 _aMurray, Laura
245 4 _aThe gingerbread man loose in the school /
245 _cLaura Murray ; illustrated by Mike Lowery.
260 _aNew York :
260 _bScholastic,
260 _c2011
300 _aunpaged :
300 _bcolored illustration ;
300 _c28cm.
500 _a580
999 _c341661
_d341661